Countries with the Largest Immigrant Groups in Albania - Statistics

General Stats
  • This quiz has been taken 91 times
  • The average score is 15 of 22
Answer Stats
Immigrants Country % Correct
90 Serbia
97%
28,100 Greece
96%
410 Kosovo
93%
1,900 Turkey
91%
90 Croatia
88%
8,000 Italy
88%
140 Bosnia and Herzegovina
87%
360 Montenegro
87%
410 Romania
84%
440 Bulgaria
83%
175 United Kingdom
78%
560 North Macedonia
77%
2,300 United States
70%
190 Russia
64%
210 Hungary
62%
800 Ukraine
59%
890 Canada
54%
1,460 China
51%
80 Austria
49%
180 Cyprus
41%
60 Malta
22%
95 Belgium
19%
No matching quizzes found
Score Distribution
Percent of People with Each Score
Percentile by Number Answered
Your Score History
You have not taken this quiz